000 00576nam a2200241Ia 4500
003 0100
008 130303s9999 xx 000 0 und d
020 _a1570750904
040 _cARRUPELIB
050 _aBP64.A4W36961996
100 _aSanneh, Lamin
245 _aPiety and power
245 _bmuslims and christians in West Africa
260 _aMaryknoll
260 _bOrbis Books
260 _C1996
300 _axv
300 _b 207 p. 23 cm
440 _aFaith meets faith
650 _bCatholic church--Relations
700 _aLamin Sanneh
942 0 0 _01
999 _c7875
_d7875